Análisis conceptual para la determinación de costos en el Sector Público Nacional No Financiero (Registro nro. 12869)
[ vista simple ]
| 000 -LEADER | |
|---|---|
| fixed length control field | 00403 a2200121 4500 |
| 001 - CONTROL NUMBER | |
| control field | ART_58735 |
| 005 - DATE AND TIME OF LATEST TRANSACTION | |
| control field | 20260410161636.0 |
| 008 - FIXED-LENGTH DATA ELEMENTS--GENERAL INFORMATION | |
| fixed length control field | 260409a |
| 100 1# - MAIN ENTRY--PERSONAL NAME | |
| Personal name | Peralta, Jorge Alberto |
| 245 10 - TITLE STATEMENT | |
| Title | Análisis conceptual para la determinación de costos en el Sector Público Nacional No Financiero |
| 700 1# - ADDED ENTRY--PERSONAL NAME | |
| Personal name | Sardi, Jorge Carlos |
| 773 0# - HOST ITEM ENTRY | |
| Title | Enfoques |
| Related parts | - N° 6 (jun. 2023) |
| Record control number | REV416 |
No hay ítems disponibles.